| 000 | 00715nam a2200253 a 4500 | ||
|---|---|---|---|
| 001 | 000026401 | ||
| 005 | 20240412074252.0 | ||
| 008 | 110316s2007 dr 000 j spa d | ||
| 020 | _a9789993475170 | ||
| 040 |
_aDO-SdBNP _bspa _cBNPHU |
||
| 082 |
_aRD863.44 _bJ41o, 2007 |
||
| 100 | 1 |
_aJavier, Eulogio _953440 |
|
| 245 | 1 | 0 |
_aOdio a los espejos / _cEulogio Javier. |
| 250 | _a2a ed. | ||
| 260 |
_aSanto Domingo : _bEdiciones CEDIBIL, _c2007. |
||
| 300 |
_a87 p. ; _c21 cm. |
||
| 490 | 1 |
_aCalímaco ; _v25 |
|
| 490 | 1 |
_aNarrativa ; _v6 |
|
| 650 | 0 |
_aCuentos dominicanos _9176 |
|
| 650 | 0 |
_aLiteratura dominicana. _967 |
|
| 830 | 0 |
_aCalímaco ; _v25 _914052 |
|
| 830 | 0 |
_aNarrativa ; _n6 _953441 |
|
| 049 | _aBNPD | ||
| 999 |
_c25893 _d25893 |
||